000 00852nam a2200253 a 4500
999 _c3094
_d3094
006 a||||gr||||i00| 0
007 ta
008 190719s2020||||xxka|||grl|||i||| ||eng|d
020 _a9789280116861
_c£ 49.00
040 _aKO
_beng
041 0 _aeng
044 _axxk
082 0 4 _a623.8245
_bIn858
_223
110 2 _aInternational Maritime Organization
245 1 0 _a2011 ESP Code :
_bInternational Code on the Enhanced Programme of Inspections during Surveys of Bulk Carriers and Oil Tankers, 2011 /
_cInternational Maritime Organization
250 _a4th ed., 2020 ed.
260 _aLondon :
_bInternational Maritime Organization,
_c2020
300 _axv, 404 p. :
_bill. ;
_c30 cm.
650 _aBulk carrier cargo ships
_xInspection
_vHandbooks, manuals, etc.
904 _aRUDRA_R
905 _aR_RANJAN
942 _2ddc
_cBK